000 00911nam a2200193Ia 4500
999 _c37730
_d37730
001 3705
003 GE_BSU
005 20221031102125.0
008 181216s1994ru xx |||||||||||||| ||rus||
040 _cGE_BSU
041 _arus
080 _a341.24 О-73
245 _aОсновные положения женевских конвенций и дополнительных протоколов с ним.
264 _aМосква :
_bНаука,
_c1994.
300 _a62 с.:
_b21 см.
653 _aОсновные положения женевских конвенций и дополнительных протоколов с ним.
653 _aჟენევის კონვენციების ძირითადი დებულებები და მასთან დაკავშირებული დამატებითი ოქმები.
942 _cBK
_2udc